| 000 | 00601 a2200205 4500 | ||
|---|---|---|---|
| 999 |
_c32036 _d32036 |
||
| 003 | OSt | ||
| 005 | 20260312151824.0 | ||
| 008 | 260312b ||||| |||| 00| 0 eng d | ||
| 020 | _a9789364448055 | ||
| 040 | _c. | ||
| 082 |
_a620.106 _bC395 |
||
| 100 |
_95147 _aCengel, Yunus A. |
||
| 245 |
_aFluid Mechanics : Fundamentals and Applications / _cYunus A Cengel and John M. Cimbala |
||
| 250 | _a5th ed. | ||
| 260 |
_bMcGraw Hill Education (India) Private Limited, _aChennai : _c2026. |
||
| 300 | _a915 p. | ||
| 650 | 0 |
_9298 _aFluid Mechanics |
|
| 700 |
_96443 _aCimbala, John M. |
||
| 942 |
_2ddc _cBK |
||